Sports Quiz

Random Sports or Play Quiz

Handball on London olympic Quiz Stats

 Plays Quiz not verified by Sporcle

Challenge
Share
Tweet
Embed
Score 0/12 Timer 04:00
0 Plays Today
% Correct
France
97%
Denmark
95.2%
Sweden
92.1%
Spain
89.1%
Croatia
87.3%
Argentina
80%
Iceland
78.2%
South Korea
72.7%
Serbia
71.5%
UK
69.7%
Tunisia
66.7%
Hungary
66.7%

You're not logged in!

Compare scores with friends on all Sporcle quizzes.
OR
Log In

You Might Also Like...

Show Comments

Extras

Top Quizzes Today


Score Distribution

Your Account Isn't Verified!

In order to create a playlist on Sporcle, you need to verify the email address you used during registration. Go to your Sporcle Settings to finish the process.

Report this User

Report this user for behavior that violates our Community Guidelines.

Details: